000 00358nam a22001457a 4500
003 OSt
005 20160727222346.0
008 160621b xxu||||| |||| 00| 0 eng d
040 _cTEST
100 _9263
_a Ruker, W, E, , et, al
245 _aHeath Mathematics
260 _aTornato
_b D.C Heath & Comp.
_c1984
300 _aHeath Mathematics
942 _2ddc
_cBK
999 _c210
_d210